[Event "4th GRENKE Open 2019"]
[Site "Karlsruhe"]
[Date "2019.04.19"]
[Round "3.67"]
[White "Alok Sinha"]
[Black "Ter-Sahakyan, Samvel"]
[Result "0-1"]
[WhiteElo "2271"]
[BlackElo "2601"]
[Annotator "ChessBase"]
[PlyCount "44"]
[EventDate "2019.04.18"]
[EventType "swiss"]
[EventCountry "GER"]
[SourceTitle "playchess.com"]
[Source "ChessBase"]
[SourceQuality "1"]

1. e4 c6 2. d4 d5 3. exd5 cxd5 4. c4 Nf6 5. Nc3 Nc6 6. Bf4 Be6 7. c5 Bg4 8. Qd2 a6 9. h3 Bh5 10. Be2 Bxe2 11. Ncxe2 Ne4 12. Qd1 e5 13. Be3 exd4 14. Nxd4 Qa5+ 15. Kf1 Bxc5 16. Nge2 Nxd4 17. Bxd4 O-O 18. g3 Bxd4 19. Nxd4 Qb6 20. b3 Rfe8 21. Rh2 Qf6 22. Ne2 Nd2+ 0-1

[Event "4th GRENKE Open 2019"]
[Site "Karlsruhe"]
[Date "2019.04.19"]
[Round "3.68"]
[White "Bernadskiy, Vitaliy"]
[Black "Lavrinenkov, Vadim"]
[Result "1-0"]
[WhiteElo "2587"]
[BlackElo "2256"]
[Annotator "ChessBase"]
[PlyCount "91"]
[EventDate "2019.04.18"]
[EventType "swiss"]
[EventCountry "GER"]
[SourceTitle "playchess.com"]
[Source "ChessBase"]
[SourceQuality "1"]

1. e4 d5 2. exd5 Qxd5 3. Nc3 Qd8 4. d4 Nf6 5. Bg5 c6 6. Be2 h6 7. Bh4 Bf5 8. Nf3 e6 9. Bd3 Bxd3 10. Qxd3 Nbd7 11. O-O Be7 12. Ne2 O-O 13. c4 Nh5 14. Bxe7 Qxe7 15. Rfe1 Rfd8 16. Nc3 Nhf6 17. Qc2 Qd6 18. Rad1 Qc7 19. Qe2 a6 20. c5 b6 21. b4 a5 22. a3 axb4 23. axb4 bxc5 24. dxc5 Nd5 25. Nxd5 cxd5 26. Nd4 Rdb8 27. Qd2 Nf6 28. f3 Ra4 29. Rb1 e5 30. Nc2 d4 31. f4 exf4 32. Qxd4 Rd8 33. Qe5 Qxe5 34. Rxe5 Rd2 35. Ne1 Nd5 36. c6 Kf8 37. Nf3 Rd3 38. Rbe1 Nc7 39. Re7 Ne6 40. Rxf7+ Kxf7 41. Ne5+ Kf6 42. Nxd3 Ra3 43. Nf2 Ke7 44. Ne4 Nd4 45. c7 Ra8 46. b5 1-0

[Event "4th GRENKE Open 2019"]
[Site "Karlsruhe"]
[Date "2019.04.19"]
[Round "3.69"]
[White "Woelk, Tom-Frederic"]
[Black "Goganov, Aleksey"]
[Result "0-1"]
[WhiteElo "2263"]
[BlackElo "2580"]
[Annotator "ChessBase"]
[PlyCount "130"]
[EventDate "2019.04.18"]
[EventType "swiss"]
[EventCountry "GER"]
[SourceTitle "playchess.com"]
[Source "ChessBase"]
[SourceQuality "1"]

1. Nf3 c5 2. e4 d6 3. d4 cxd4 4. Nxd4 Nf6 5. Nc3 a6 6. Bg5 e6 7. f4 Qc7 8. Qe2 Nbd7 9. O-O-O Be7 10. g4 b5 11. a3 h6 12. Bxf6 Nxf6 13. Bg2 Bb7 14. h4 Nd7 15. g5 hxg5 16. hxg5 Rxh1 17. Bxh1 g6 18. Kb1 O-O-O 19. f5 e5 20. Nf3 gxf5 21. exf5 Nb6 22. f6 Bf8 23. Bg2 Kb8 24. Ka2 Re8 25. Nh4 e4 26. g6 fxg6 27. Qg4 Bc8 28. Qxg6 Be6+ 29. Kb1 Bf7 30. Qf5 d5 31. Ne2 Nc4 32. Rc1 Bh6 33. Rh1 Ne3 34. Qf2 Qxc2+ 35. Ka1 Nc4 36. Rb1 Ka8 37. Qc5 Ne3 38. Qd6 Qc8 39. Bh3 Nc4 40. Bxc8 Nxd6 41. Nf5 Nxf5 42. Bxf5 Bg5 43. Rf1 Rd8 44. Nc3 Rd6 45. Nxe4 dxe4 46. Bxe4+ Kb8 47. Bg6 Bxg6 48. f7 Bxf7 49. Rxf7 Bf6 50. Kb1 Bd4 51. Kc2 Rc6+ 52. Kb3 Rc7 53. Rf5 Kb7 54. Rd5 Bf6 55. Rf5 Rc6 56. Rf4 Kb6 57. a4 Re6 58. axb5 axb5 59. Rf3 Bd4 60. Kc2 Kc5 61. b3 Re2+ 62. Kc1 Kb4 63. Rh3 Bc3 64. Rh5 Re5 65. Rh4+ Kxb3 0-1

[Event "4th GRENKE Open 2019"]
[Site "Karlsruhe"]
[Date "2019.04.19"]
[Round "3.70"]
[White "Wagner, Dennis"]
[Black "Palozza, Christian"]
[Result "1-0"]
[WhiteElo "2577"]
[BlackElo "2242"]
[Annotator "ChessBase"]
[PlyCount "51"]
[EventDate "2019.04.18"]
[EventType "swiss"]
[EventCountry "GER"]
[SourceTitle "playchess.com"]
[Source "ChessBase"]
[SourceQuality "1"]

1. d4 e6 2. c4 Nf6 3. Nc3 Bb4 4. e3 O-O 5. Bd2 d5 6. Nf3 b6 7. cxd5 exd5 8. Rc1 a6 9. Bd3 Bb7 10. O-O Nbd7 11. Ne5 Bd6 12. f4 c5 13. Qf3 b5 14. Qh3 g6 15. Be1 b4 16. Ne2 c4 17. Bb1 Bc8 18. Qf3 Nb6 19. Bh4 Bb7 20. f5 Kg7 21. Nf4 Bc8 22. Nc6 Qc7 23. Bxf6+ Kxf6 24. fxg6 Bxf4 25. Ne5 hxg6 26. Qxf4+ 1-0

[Event "4th GRENKE Open 2019"]
[Site "Karlsruhe"]
[Date "2019.04.19"]
[Round "3.71"]
[White "Biastoch, Bennet"]
[Black "Kollars, Dmitrij"]
[Result "0-1"]
[WhiteElo "2261"]
[BlackElo "2570"]
[Annotator "ChessBase"]
[PlyCount "116"]
[EventDate "2019.04.18"]
[EventType "swiss"]
[EventCountry "GER"]
[SourceTitle "playchess.com"]
[Source "ChessBase"]
[SourceQuality "1"]

1. Nf3 e5 2. e4 Nc6 3. Bb5 a6 4. Ba4 Nf6 5. O-O Bc5 6. d3 b5 7. Bb3 d6 8. c3 O-O 9. a4 b4 10. Nbd2 Na5 11. Bc2 Rb8 12. d4 bxc3 13. bxc3 exd4 14. cxd4 Bb4 15. Ba3 Bg4 16. Bxb4 Rxb4 17. h3 Bh5 18. Rb1 Nc6 19. Rxb4 Nxb4 20. Bb1 Re8 21. Re1 a5 22. Nf1 Qd7 23. N1d2 Bg6 24. Nh4 Qc6 25. Nxg6 hxg6 26. Qc1 Qb6 27. Nf3 c5 28. dxc5 Qxc5 29. Nd2 Nd7 30. Nb3 Qb6 31. Qe3 Nc5 32. Nxc5 Qxc5 33. Qd2 Rc8 34. Bd3 d5 35. Bb5 d4 36. e5 Qc3 37. Rd1 Qxd2 38. Rxd2 d3 39. Rd1 Rd8 40. f3 g5 41. Kf2 Rd5 42. Bc4 Rxe5 43. Bxd3 Kf8 44. Bb5 Rd5 45. Re1 Rd2+ 46. Kg1 f5 47. Re8+ Kf7 48. Ra8 Nc2 49. Bc4+ Kf6 50. Rxa5 Ne3 51. Bb3 Rxg2+ 52. Kh1 Rg3 53. Ra6+ Ke5 54. Re6+ Kf4 55. a5 Rxh3+ 56. Kg1 Rxf3 57. a6 Kg3 58. a7 Rf1# 0-1

[Event "4th GRENKE Open 2019"]
[Site "Karlsruhe"]
[Date "2019.04.19"]
[Round "3.72"]
[White "Trifan, Andrei Ioan"]
[Black "Neiksans, Arturs"]
[Result "0-1"]
[WhiteElo "2252"]
[BlackElo "2559"]
[Annotator "ChessBase"]
[PlyCount "54"]
[EventDate "2019.04.18"]
[EventType "swiss"]
[EventCountry "GER"]
[SourceTitle "playchess.com"]
[Source "ChessBase"]
[SourceQuality "1"]

1. e4 c5 2. Nf3 Nc6 3. d4 cxd4 4. Nxd4 e6 5. Nb5 d6 6. c4 Nf6 7. N1c3 a6 8. Na3 Be7 9. Be2 O-O 10. O-O b6 11. Be3 Bb7 12. f3 Nd7 13. Qd2 Rc8 14. Nc2 Nce5 15. b3 g5 16. Rfd1 Kh8 17. a4 Rg8 18. Bf1 Nc5 19. Rab1 Qf8 20. b4 Ncd7 21. Na3 f5 22. a5 bxa5 23. bxa5 Ba8 24. exf5 g4 25. fxg4 Rxg4 26. Kf2 Qxf5+ 27. Ke1 Bh4+ 0-1

[Event "4th GRENKE Open 2019"]
[Site "Karlsruhe"]
[Date "2019.04.19"]
[Round "3.74"]
[White "Lobron, Eric"]
[Black "Ruecker, Benjamin"]
[Result "0-1"]
[WhiteElo "2508"]
[BlackElo "2238"]
[Annotator "ChessBase"]
[PlyCount "71"]
[EventDate "2019.04.18"]
[EventType "swiss"]
[EventCountry "GER"]
[SourceTitle "playchess.com"]
[Source "ChessBase"]
[SourceQuality "1"]

1. d4 Nf6 2. c4 e6 3. Nc3 Bb4 4. e3 O-O 5. Nge2 Re8 6. a3 Bf8 7. d5 a5 8. Ng3 Na6 9. Bd3 Nc5 10. Bc2 d6 11. O-O exd5 12. cxd5 g6 13. e4 Bd7 14. h3 b5 15. Qf3 Bg7 16. Bg5 h6 17. Be3 Na4 18. Bxa4 bxa4 19. Qd1 c6 20. Qd2 cxd5 21. exd5 h5 22. f3 Rb8 23. Bd4 Nh7 24. Rf2 Rxb2 25. Qxb2 Bxd4 26. Rd1 Bxf2+ 27. Qxf2 Qc7 28. Qd4 h4 29. Nge4 Rc8 30. Rd3 Rb8 31. Kh2 Rb3 32. Nf6+ Nxf6 33. Qxf6 Qa7 34. Rd4 Rxc3 35. Rxh4 Rc1 36. Rh8# 0-1

[Event "4th GRENKE Open 2019"]
[Site "Karlsruhe"]
[Date "2019.04.19"]
[Round "3.75"]
[White "Yuksel, Atilla Koksal"]
[Black "Malakhatko, Vadim"]
[Result "0-1"]
[WhiteElo "2248"]
[BlackElo "2508"]
[Annotator "ChessBase"]
[PlyCount "72"]
[EventDate "2019.04.18"]
[EventType "swiss"]
[EventCountry "GER"]
[SourceTitle "playchess.com"]
[Source "ChessBase"]
[SourceQuality "1"]

1. e4 c5 2. Nc3 e6 3. Bc4 Nc6 4. d3 Nge7 5. f4 d5 6. Bb3 dxe4 7. dxe4 Qxd1+ 8. Nxd1 Nd4 9. c3 Nxb3 10. axb3 b6 11. Nf3 Bb7 12. Nf2 Nc6 13. Be3 Na5 14. Nd2 Be7 15. Kd1 f5 16. Kc2 O-O 17. Rhe1 e5 18. g3 exf4 19. gxf4 fxe4 20. Nfxe4 Nc6 21. Ng3 Bh4 22. Nc4 Ne7 23. Rad1 Nd5 24. Nd6 Bc6 25. Bc1 Nxf4 26. Ndf5 Ng6 27. Nxh4 Nxh4 28. Re7 Be8 29. Be3 Ng2 30. Bg1 Bg6+ 31. Kc1 Rfe8 32. Rdd7 Rxe7 33. Rxe7 Nf4 34. b4 Kf8 35. Rd7 Nd3+ 36. Kd2 Ne5 0-1

[Event "4th GRENKE Open 2019"]
[Site "Karlsruhe"]
[Date "2019.04.19"]
[Round "3.76"]
[White "Schneider, Ilja"]
[Black "Kersten, Uwe"]
[Result "1-0"]
[WhiteElo "2504"]
[BlackElo "2241"]
[Annotator "ChessBase"]
[PlyCount "45"]
[EventDate "2019.04.18"]
[EventType "swiss"]
[EventCountry "GER"]
[SourceTitle "playchess.com"]
[Source "ChessBase"]
[SourceQuality "1"]

1. e4 e6 2. d4 d5 3. exd5 exd5 4. Nf3 Nf6 5. Bd3 Bd6 6. Qe2+ Be7 7. O-O O-O 8. Bg5 Bg4 9. Re1 Bd6 10. h3 Bh5 11. Nc3 c6 12. g4 Bg6 13. Ne5 Qb6 14. Bxf6 gxf6 15. Bxg6 fxe5 16. Bf5 Qxd4 17. Ne4 dxe4 18. Rad1 Qc5 19. Qd2 e3 20. Rxe3 e4 21. Rxe4 Nd7 22. Qh6 Bh2+ 23. Kg2 1-0

[Event "4th GRENKE Open 2019"]
[Site "Karlsruhe"]
[Date "2019.04.19"]
[Round "3.77"]
[White "Engel, Luis"]
[Black "Donchenko, Anatoly"]
[Result "1-0"]
[WhiteElo "2490"]
[BlackElo "2237"]
[Annotator "TA"]
[PlyCount "57"]
[EventDate "2019.04.18"]
[EventType "swiss"]
[EventCountry "GER"]
[SourceTitle "playchess.com"]
[Source "ChessBase"]
[SourceQuality "1"]

1. e4 e5 2. Nf3 Nc6 3. Bb5 Nf6 4. O-O Bc5 5. c3 O-O 6. d4 Bb6 7. dxe5 Nxe4 8. Qd5 Nc5 9. Bg5 Ne7 10. Qc4 Ne6 11. Bh4 d5 12. exd6 cxd6 13. Nbd2 d5 14. Qa4 Qc7 15. Bg3 Qd8 16. Rad1 Nf5 17. Nc4 Nxg3 18. hxg3 Nc5 19. Qc2 Bg4 20. Ne3 Bxf3 21. gxf3 a6 22. Bc4 Ba7 23. Kg2 Rc8 24. Rxd5 Qf6 25. Rh1 Qg6 26. Nf5 Rc7 27. Rh4 h5 28. Ne7+ Rxe7 29. Rdxh5 1-0

[Event "4th GRENKE Open 2019"]
[Site "Karlsruhe"]
[Date "2019.04.19"]
[Round "3.78"]
[White "Beerdsen, Thomas"]
[Black "Polatel, Ali"]
[Result "1-0"]
[WhiteElo "2483"]
[BlackElo "2235"]
[Annotator "ChessBase"]
[PlyCount "53"]
[EventDate "2019.04.18"]
[EventType "swiss"]
[EventCountry "GER"]
[SourceTitle "playchess.com"]
[Source "ChessBase"]
[SourceQuality "1"]

1. e4 c6 2. d4 d5 3. f3 g6 4. Nc3 Bg7 5. Be3 b5 6. a3 Nf6 7. e5 Nfd7 8. h4 e6 9. h5 a5 10. f4 Nb6 11. Nf3 b4 12. axb4 axb4 13. Rxa8 Nxa8 14. Na4 Ba6 15. Nc5 Bxf1 16. Nb7 Qc7 17. Nd6+ Ke7 18. Kxf1 Nb6 19. Qe1 Nc8 20. h6 Bf8 21. Qh4+ Kd7 22. Qf6 Bxd6 23. exd6 Nxd6 24. Qxh8 Nf5 25. Ne5+ Ke7 26. Qxb8 Nxe3+ 27. Ke2 1-0

[Event "4th GRENKE Open 2019"]
[Site "Karlsruhe"]
[Date "2019.04.19"]
[Round "3.79"]
[White "Milov, Leonid"]
[Black "Sieglen, Joachim"]
[Result "0-1"]
[WhiteElo "2474"]
[BlackElo "2233"]
[Annotator "TA"]
[PlyCount "65"]
[EventDate "2019.04.18"]
[EventType "swiss"]
[EventCountry "GER"]
[SourceTitle "playchess.com"]
[Source "ChessBase"]
[SourceQuality "1"]

1. e4 e6 2. Nf3 d5 3. Nc3 Nf6 4. e5 Nfd7 5. d4 c5 6. Ne2 cxd4 7. Nexd4 Nc6 8. Bf4 Qb6 9. c3 Nxd4 10. Nxd4 a6 11. Qd2 Nc5 12. Be2 Bd7 13. O-O Be7 14. f3 O-O 15. Kh1 Rfc8 16. b3 Be8 17. Rfe1 Qd8 18. a4 Nd7 19. Bd3 g6 20. Rec1 Nb8 21. Be3 Nd7 22. f4 Nc5 23. Bb1 a5 24. Qe1 Bd7 25. Bf2 b6 26. Bc2 Qf8 27. Bh4 f5 28. exf6 Bxf6 29. Bxf6 Qxf6 30. Qe3 Rf8 31. Rf1 Rae8 32. Rae1 e5 33. Ne2 0-1

[Event "4th GRENKE Open 2019"]
[Site "Karlsruhe"]
[Date "2019.04.19"]
[Round "3.80"]
[White "Wilhelm, Till"]
[Black "Warmerdam, Max"]
[Result "1/2-1/2"]
[WhiteElo "2234"]
[BlackElo "2472"]
[Annotator "TA"]
[PlyCount "25"]
[EventDate "2019.04.18"]
[EventType "swiss"]
[EventCountry "GER"]
[SourceTitle "playchess.com"]
[Source "ChessBase"]
[SourceQuality "1"]

1. Nf3 b5 2. g3 Nf6 3. Bg2 d5 4. O-O Bf5 5. c4 e6 6. cxd5 b4 7. d3 exd5 8. Qb3 Bc5 9. Nc3 Bb6 10. Na4 O-O 11. Nxb6 axb6 12. Qc2 Qc8 13. Bg5 1/2-1/2

[Event "4th GRENKE Open 2019"]
[Site "Karlsruhe"]
[Date "2019.04.19"]
[Round "3.81"]
[White "Gheng, Josef"]
[Black "Sonis, Francesco"]
[Result "0-1"]
[WhiteElo "2233"]
[BlackElo "2467"]
[Annotator "RC"]
[PlyCount "90"]
[EventDate "2019.04.18"]
[EventType "swiss"]
[EventCountry "GER"]
[SourceTitle "playchess.com"]
[Source "ChessBase"]
[SourceQuality "1"]

1. c4 e5 2. g3 Nf6 3. Bg2 d5 4. cxd5 Nxd5 5. Nc3 Nb6 6. Nf3 Nc6 7. O-O Be7 8. a3 a5 9. d3 Be6 10. Be3 O-O 11. Rc1 a4 12. Nd2 f5 13. Bxb6 cxb6 14. Nxa4 Bg5 15. Nc3 e4 16. f4 exf3 17. Nxf3 Bxc1 18. Qxc1 h6 19. Qe3 Re8 20. Qf2 Ra5 21. d4 Qf6 22. d5 Bxd5 23. Qxb6 Bxf3 24. Bxf3 Qd4+ 25. Qxd4 Nxd4 26. Bd5+ Kh7 27. e4 g6 28. Rd1 Nb5 29. exf5 gxf5 30. Bxb7 Nxc3 31. bxc3 Rxa3 32. c4 Rc3 33. Bd5 Re2 34. Rf1 Kg6 35. Rf2 Rxf2 36. Kxf2 Rc2+ 37. Kg1 Kf6 38. Kh1 Ke5 39. Kg1 Rb2 40. Kh1 Kd4 41. Kg1 Ke3 42. Be6 Ke4 43. Bd5+ Ke5 44. Kh1 Kf6 45. Kg1 Rc2 0-1

[Event "4th GRENKE Open 2019"]
[Site "Karlsruhe"]
[Date "2019.04.19"]
[Round "3.82"]
[White "Dourerassou, Jonathan"]
[Black "Meessen, Max"]
[Result "1-0"]
[WhiteElo "2465"]
[BlackElo "2233"]
[Annotator "TA"]
[PlyCount "29"]
[EventDate "2019.04.18"]
[EventType "swiss"]
[EventCountry "GER"]
[SourceTitle "playchess.com"]
[Source "ChessBase"]
[SourceQuality "1"]

1. e4 e5 2. Nf3 Nc6 3. Bc4 Nf6 4. Nc3 Nxe4 5. O-O Nxc3 6. dxc3 f6 7. Nh4 g6 8. f4 d6 9. f5 Ne7 10. fxg6 hxg6 11. Rxf6 Rxh4 12. Bf7+ Kd7 13. Qf3 Bg7 14. Be6+ Ke8 15. Rf8+ 1-0

[Event "4th GRENKE Open 2019"]
[Site "Karlsruhe"]
[Date "2019.04.19"]
[Round "3.83"]
[White "Vrolijk, Liam"]
[Black "Cofmann, Veaceslav"]
[Result "1/2-1/2"]
[WhiteElo "2465"]
[BlackElo "2232"]
[Annotator "TA"]
[PlyCount "63"]
[EventDate "2019.04.18"]
[EventType "swiss"]
[EventCountry "GER"]
[SourceTitle "playchess.com"]
[Source "ChessBase"]
[SourceQuality "1"]

1. c4 e5 2. Nc3 Nf6 3. Nf3 Nc6 4. e3 d6 5. d4 g6 6. Be2 Bg7 7. O-O O-O 8. b3 exd4 9. exd4 Bf5 10. Bb2 Re8 11. h3 Ne4 12. Nd5 Nf6 13. Ne3 Bc8 14. d5 Nb8 15. Re1 Nxd5 16. Qxd5 Bxb2 17. Rab1 Bf6 18. Ng4 Bxg4 19. hxg4 Nc6 20. Bf1 Qd7 21. g5 Bg7 22. c5 Rad8 23. Bc4 Rxe1+ 24. Rxe1 dxc5 25. Qxc5 Qd6 26. Qe3 b6 27. Qe4 Na5 28. Bf1 Nc6 29. Bc4 Na5 30. Bf1 Nc6 31. Bc4 Nb4 32. Qe7 1/2-1/2

[Event "4th GRENKE Open 2019"]
[Site "Karlsruhe"]
[Date "2019.04.19"]
[Round "3.84"]
[White "Perske, Thore"]
[Black "Michalczak, Thomas"]
[Result "1-0"]
[WhiteElo "2450"]
[BlackElo "2226"]
[Annotator "TA"]
[PlyCount "73"]
[EventDate "2019.04.18"]
[EventType "swiss"]
[EventCountry "GER"]
[SourceTitle "playchess.com"]
[Source "ChessBase"]
[SourceQuality "1"]

1. e4 g6 2. d4 Bg7 3. Nc3 c6 4. Nf3 d5 5. e5 Bg4 6. h3 Bxf3 7. Qxf3 e6 8. h4 Qb6 9. Qd3 h5 10. Bg5 a6 11. O-O-O Nd7 12. f4 Nh6 13. g3 Qa5 14. Bh3 Nf5 15. g4 hxg4 16. Bxg4 Bh6 17. Bxf5 gxf5 18. Qg3 Bxg5 19. hxg5 Rg8 20. Qe1 Ke7 21. Rh6 Nf8 22. a3 Ng6 23. Qe3 Rac8 24. Qd2 Kf8 25. Kb1 c5 26. dxc5 Qxc5 27. Ne2 Kg7 28. Nd4 Rh8 29. Qh2 Rxh6 30. Qxh6+ Kg8 31. Nxe6 Qxc2+ 32. Ka2 Qc4+ 33. Ka1 fxe6 34. Qxg6+ Kf8 35. Qf6+ Ke8 36. Qxe6+ Kf8 37. Qxf5+ 1-0

[Event "4th GRENKE Open 2019"]
[Site "Karlsruhe"]
[Date "2019.04.19"]
[Round "3.85"]
[White "Korley, Kassa"]
[Black "Hoerstmann, Rudi"]
[Result "1-0"]
[WhiteElo "2440"]
[BlackElo "2225"]
[Annotator "TA"]
[PlyCount "95"]
[EventDate "2019.04.18"]
[EventType "swiss"]
[EventCountry "GER"]
[SourceTitle "playchess.com"]
[Source "ChessBase"]
[SourceQuality "1"]

1. d4 g6 2. c4 Bg7 3. e4 c5 4. d5 d6 5. Ne2 Nf6 6. Nec3 O-O 7. Be2 e6 8. O-O Na6 9. Bg5 h6 10. Be3 e5 11. Nd2 Qe7 12. a3 Nd7 13. Kh1 Kh7 14. g4 Bf6 15. Nf3 Bg5 16. Nxg5+ hxg5 17. Qd2 f6 18. Kg2 Rh8 19. Rh1 Kg7 20. h3 Nb6 21. Bd3 Bd7 22. b3 Rab8 23. Rag1 Na8 24. Nb5 N6c7 25. Nxa7 b5 26. b4 bxc4 27. Bxc4 cxb4 28. axb4 Nb5 29. Bxb5 Bxb5 30. Ra1 Nc7 31. Nxb5 Nxb5 32. Ra6 Rb7 33. Rha1 Rhb8 34. Ra8 Qd7 35. Rxb8 Rxb8 36. Ra6 Kf7 37. Qc2 Nd4 38. Qc4 Nb5 39. Rc6 Rb7 40. Bb6 Na7 41. Bxa7 Rxa7 42. b5 Qd8 43. b6 Rd7 44. Rc7 Ke7 45. Rxd7+ Qxd7 46. Qc6 f5 47. gxf5 gxf5 48. Qxd7+ 1-0

[Event "4th GRENKE Open 2019"]
[Site "Karlsruhe"]
[Date "2019.04.19"]
[Round "3.86"]
[White "Krause, Benedict"]
[Black "Kerem, Halil Ozgun"]
[Result "1/2-1/2"]
[WhiteElo "2435"]
[BlackElo "2223"]
[Annotator "TA"]
[PlyCount "103"]
[EventDate "2019.04.18"]
[EventType "swiss"]
[EventCountry "GER"]
[SourceTitle "playchess.com"]
[Source "ChessBase"]
[SourceQuality "1"]

1. e4 c5 2. Nf3 d6 3. d4 cxd4 4. Nxd4 Nf6 5. Nc3 a6 6. Bg5 e6 7. f4 Qc7 8. Qe2 Nbd7 9. O-O-O b5 10. a3 Bb7 11. g4 Be7 12. f5 e5 13. Bxf6 gxf6 14. Nb3 h5 15. gxh5 Bf8 16. h4 Rc8 17. Rh3 Nb6 18. Kb1 Bh6 19. Na5 Ba8 20. Rhd3 Rd8 21. Qe1 Ke7 22. Bg2 Rhg8 23. Bf3 Nc4 24. Nxc4 bxc4 25. Nd5+ Bxd5 26. Rxd5 Rd7 27. Be2 Bf4 28. Qc3 Rc8 29. Ka2 Qc6 30. Kb1 Bh6 31. b3 cxb3 32. Qxc6 Rxc6 33. cxb3 Rb7 34. Kb2 Be3 35. R5d3 Bd4+ 36. Rxd4 exd4 37. Rxd4 Rbc7 38. Bc4 Kf8 39. Kc3 Kg7 40. b4 Kh6 41. a4 Kxh5 42. b5 axb5 43. axb5 Rb6 44. Kb4 Ra7 45. Be2+ Kh6 46. Rd2 Ra1 47. Rc2 Rb8 48. Rc7 Rb1+ 49. Ka5 Ra1+ 50. Kb4 Rb1+ 51. Ka5 Ra1+ 52. Kb4 1/2-1/2

[Event "4th GRENKE Open 2019"]
[Site "Karlsruhe"]
[Date "2019.04.19"]
[Round "3.87"]
[White "Monroy, Charles"]
[Black "Poysti, Nathanael"]
[Result "1-0"]
[WhiteElo "2433"]
[BlackElo "2214"]
[Annotator "ChessBase"]
[PlyCount "127"]
[EventDate "2019.04.18"]
[EventType "swiss"]
[EventCountry "GER"]
[SourceTitle "playchess.com"]
[Source "ChessBase"]
[SourceQuality "1"]

1. Nf3 c5 2. b3 Nc6 3. c4 Nf6 4. Bb2 e6 5. g3 Be7 6. Bg2 O-O 7. Nc3 a6 8. O-O Rb8 9. d4 cxd4 10. Nxd4 Nxd4 11. Qxd4 b5 12. c5 Bb7 13. Bxb7 Rxb7 14. Ne4 Ne8 15. Rfd1 Qb8 16. Rac1 f5 17. c6 dxc6 18. Nc5 Bxc5 19. Qxc5 Nf6 20. Be5 Qa7 21. Qxc6 Rb6 22. Qc7 Rb7 23. Qd6 Re7 24. Rc6 Ne4 25. Qd4 Ra8 26. Qxa7 Raxa7 27. f3 Nf6 28. Rdd6 Kf7 29. Rxa6 Nd5 30. a3 Rac7 31. Rac6 Ra7 32. Bb2 g5 33. Rc5 Rac7 34. Rdc6 Rxc6 35. Rxc6 f4 36. Kf2 Rd7 37. Rc5 Rb7 38. b4 h6 39. Bc1 Kf6 40. h4 Rb8 41. hxg5+ hxg5 42. e4 fxe3+ 43. Bxe3 Rb7 44. Bc1 Rb8 45. Ke2 Kf5 46. g4+ Kg6 47. Kd3 Rb7 48. Rc6 Rb6 49. Rc5 Kf6 50. Ke4 Rb7 51. Bb2+ Kf7 52. Ke5 Nf4 53. Ke4 Kg6 54. Bc1 Nd5 55. Rc6 Kf6 56. Bb2+ Ke7 57. Bc1 Kf6 58. Kd4 Ne7 59. Rc5 Rd7+ 60. Ke4 Nd5 61. Bb2+ Kg6 62. Rxb5 Nf4 63. Be5 Ng2 64. Rb6 1-0

[Event "4th GRENKE Open 2019"]
[Site "Karlsruhe"]
[Date "2019.04.19"]
[Round "3.89"]
[White "Muetsch, Annmarie"]
[Black "Mendonca, Leon Luke"]
[Result "0-1"]
[WhiteElo "2223"]
[BlackElo "2427"]
[Annotator "RC"]
[PlyCount "90"]
[EventDate "2019.04.18"]
[EventType "swiss"]
[EventCountry "GER"]
[SourceTitle "playchess.com"]
[Source "ChessBase"]
[SourceQuality "1"]

1. e4 c5 2. Nf3 d6 3. Bb5+ Nd7 4. c3 Ngf6 5. Qe2 a6 6. Ba4 e6 7. O-O Be7 8. d4 cxd4 9. cxd4 b5 10. Bc2 Bb7 11. b3 Rc8 12. Bb2 O-O 13. Bd3 d5 14. e5 Ne4 15. Nfd2 Nb6 16. Nxe4 dxe4 17. Bxe4 Bxe4 18. Qxe4 Qc7 19. Nc3 b4 20. Nd1 Nd5 21. Ne3 Nxe3 22. Qxe3 Qc2 23. Rab1 Qf5 24. Rbc1 Bg5 25. f4 Bh6 26. Qe2 Bxf4 27. Rc4 Rxc4 28. bxc4 Qg5 29. Qf3 Bd2 30. g3 a5 31. Kg2 Qg6 32. Rf2 Bg5 33. d5 exd5 34. cxd5 Rc8 35. d6 h6 36. Bd4 a4 37. Qb7 Rc2 38. d7 Kh7 39. Qd5 Rxf2+ 40. Bxf2 Qc2 41. h4 Bd8 42. Qxf7 b3 43. axb3 axb3 44. e6 b2 45. e7 Qe4+ 0-1

[Event "4th GRENKE Open 2019"]
[Site "Karlsruhe"]
[Date "2019.04.19"]
[Round "3.90"]
[White "Huber, Philipp"]
[Black "Schitco, Ivan"]
[Result "0-1"]
[WhiteElo "2208"]
[BlackElo "2424"]
[Annotator "TA"]
[PlyCount "52"]
[EventDate "2019.04.18"]
[EventType "swiss"]
[EventCountry "GER"]
[SourceTitle "playchess.com"]
[Source "ChessBase"]
[SourceQuality "1"]

1. d4 Nf6 2. Bg5 d5 3. Bxf6 gxf6 4. c4 dxc4 5. e3 c5 6. d5 Bg7 7. Nc3 a6 8. a4 f5 9. Bxc4 Qd6 10. f4 Nd7 11. Nf3 Nb6 12. Qb3 Nxc4 13. Qxc4 O-O 14. O-O Bd7 15. Ne5 b5 16. axb5 axb5 17. Nxb5 Bxb5 18. Qxb5 Rxa1 19. Rxa1 Bxe5 20. fxe5 Qxd5 21. Rc1 Rc8 22. Qc4 Qxe5 23. b4 Qxe3+ 24. Kh1 Qe6 25. bxc5 Qxc4 26. Rxc4 Kf8 0-1

[Event "4th GRENKE Open 2019"]
[Site "Karlsruhe"]
[Date "2019.04.19"]
[Round "3.91"]
[White "Aymerich Verdaguer, Eduard"]
[Black "Cukrowski, Filip"]
[Result "0-1"]
[WhiteElo "2204"]
[BlackElo "2421"]
[Annotator "ChessBase"]
[PlyCount "80"]
[EventDate "2019.04.18"]
[EventType "swiss"]
[EventCountry "GER"]
[SourceTitle "playchess.com"]
[Source "ChessBase"]
[SourceQuality "1"]

1. d4 Nf6 2. c4 e6 3. Nf3 b6 4. g3 Ba6 5. Qa4 c6 6. Nc3 d5 7. cxd5 exd5 8. Ne5 b5 9. Qb3 b4 10. Na4 Bb5 11. Bd2 a5 12. Bg5 Be7 13. Bg2 O-O 14. Rc1 Nfd7 15. Bxe7 Qxe7 16. Nd3 Nf6 17. e3 Ne4 18. Nac5 Nd7 19. Nxd7 Qxd7 20. Qd1 Qf5 21. O-O Nc3 22. bxc3 Qxd3 23. Qb3 Bc4 24. Qb2 Rfb8 25. Rfd1 bxc3 26. Qxc3 Qxc3 27. Rxc3 a4 28. Rxc4 dxc4 29. Bxc6 Ra6 30. d5 Kf8 31. Rc1 a3 32. Rxc4 Ke7 33. e4 f6 34. f4 Kd6 35. Rc1 Rab6 36. e5+ fxe5 37. fxe5+ Kxe5 38. Re1+ Kd6 39. Re6+ Kc5 40. Re7 Rb2 0-1

[Event "4th GRENKE Open 2019"]
[Site "Karlsruhe"]
[Date "2019.04.19"]
[Round "3.92"]
[White "Nilsson, Patrik"]
[Black "Rosner, Jonas"]
[Result "0-1"]
[WhiteElo "2203"]
[BlackElo "2416"]
[Annotator "ChessBase"]
[PlyCount "48"]
[EventDate "2019.04.18"]
[EventType "swiss"]
[EventCountry "GER"]
[SourceTitle "playchess.com"]
[Source "ChessBase"]
[SourceQuality "1"]

1. e4 c6 2. d4 d5 3. exd5 cxd5 4. c4 Nf6 5. Nc3 Nc6 6. Nf3 g6 7. cxd5 Nxd5 8. Bc4 Nb6 9. Bb3 Bg7 10. Be3 O-O 11. h3 Na5 12. Bc2 Nac4 13. Qe2 Nxb2 14. Bb3 N2a4 15. Nxa4 Nxa4 16. O-O Nc3 17. Qc4 Ne4 18. Ne5 Be6 19. d5 Bf5 20. Bf4 g5 21. Nxf7 Rxf7 22. Bc7 Nd6 23. Bxd8 Nxc4 24. Bxe7 Nd2 0-1